000
00223nam a2200097Ia 4500
008
240331s9999 xx 000 0 und d
082
_a
303
_b
HAA
100
_a
Haas, H
245
0
_a
Sri Lanka :
_b
island with a future
942
_c
L
999
_c
1195
_d
1195